| 000 | 00653nam a2200241Ia 4500 | ||
|---|---|---|---|
| 003 | OSt | ||
| 005 | 20221005074606.0 | ||
| 006 | a|||||r|||| 00| 0 | ||
| 007 | ta | ||
| 008 | 221004b |||||||| |||| 00| 0 eng d | ||
| 024 | _a53267 | ||
| 037 | _cTextual | ||
| 040 |
_aCRL _cCRL _beng |
||
| 041 |
_2eng _aeng |
||
| 082 | _aQ(Y15):454, N1 | ||
| 100 |
_aTewari Laxmi G _9608993 |
||
| 245 | 0 |
_aSplendor of worship _b women's facts rituals stories and art |
|
| 260 |
_aNew Delhi _bManohar _c1991 |
||
| 300 |
_a145p. _ccm. |
||
| 650 | _aRELIGION | ||
| 942 |
_hQ(Y15):454, N1 _cTEXL _2cc |
||
| 999 |
_c983007 _d983007 |
||